[Event "TCh-FIN 2007-8"]
[Site "Finland FIN"]
[Date "2008.02.10"]
[Round "7"]
[White "Kiik, K."]
[Black "Solozhenkin, E."]
[Result "1/2-1/2"]
[WhiteElo "2463"]
[BlackElo "2511"]
[PlyCount "100"]
[EventDate "2008.01.01"]
[Source "www.chesslib.no"]
[SourceDate "2004.05.04"]

1. Nf3 Nf6 2. g3 d5 3. Bg2 e6 4. O-O Be7 5. d3 O-O 6. Nbd2 c5 7. e4 Nc6 8. Re1 b5 9. a4 b4 10. exd5 exd5 11. d4 cxd4 12. Nb3 Bg4 13. Qd3 Rc8 14. Nfxd4 Nxd4 15. Nxd4 Bc5 16. Nb3 Qd7 17. Nxc5 Rxc5 18. Be3 Rc4 19. b3 Bf5 20. Qd2 Ne4 21. Bxe4 Rxe4 22. f3 Re6 23. Qxb4 Bxc2 24. Rac1 Rc8 25. Bf2 Rxe1+ 26. Rxe1 h6 27. Rc1 a6 28. a5 h5 29. Kg2 Bf5 30. Rxc8+ Qxc8 31. h4 Bh3+ 32. Kh2 Bf1 33. g4 Qc7+ 34. Kg1 Be2 35. Kg2 hxg4 36. Qxg4 Qc3 37. b4 Qd3 38. h5 Kh7 39. b5 Qxb5 40. Bd4 g6 41. hxg6+ fxg6 42. Qe6 Bxf3+ 43. Kxf3 Qd3+ 44. Qe3 Qf5+ 45. Kg3 g5 46. Qe7+ Kg6 47. Qe8+ Kh7 48. Qe7+ Kg6 49. Qe8+ Kh7 50. Qe7+ Kg6 1/2-1/2

[Event "Mar del Plata ARG"]
[Site "Mar del Plata ARG"]
[Date "1982.??.??"]
[Round "?"]
[White "Giardelli, Sergio C"]
[Black "Panno, Oscar R"]
[Result "1/2-1/2"]
[WhiteElo "2460"]
[BlackElo "2510"]
[PlyCount "56"]
[EventDate "1982.??.??"]
[Source "www.chesslib.no"]
[SourceDate "2004.05.04"]

1. Nf3 Nf6 2. g3 d5 3. Bg2 e6 4. O-O Be7 5. d3 O-O 6. Nbd2 c5 7. e4 Nc6 8. Re1 Qc7 9. e5 Nd7 10. Qe2 b5 11. Nf1 b4 12. h4 a5 13. N1h2 Ba6 14. Bf4 c4 15. h5 b3 16. axb3 cxd3 17. cxd3 Nc5 18. Red1 Nxb3 19. Rab1 Rac8 20. h6 g6 21. Bh3 a4 22. Kg2 Qb8 23. Ng4 Qb6 24. Nd2 Na1 25. Qf1 Qb5 26. f3 Rb8 27. Nf2 Qc4 28. Bf5 Qxf4 1/2-1/2

[Event "Tch (Men) 2005/2006 FIN"]
[Site "?"]
[Date "2006.03.11"]
[Round "8"]
[White "Sammalvuo Tapani"]
[Black "Solozhenkin Evgeniy"]
[Result "1/2-1/2"]
[WhiteElo "2459"]
[BlackElo "2503"]
[PlyCount "174"]
[EventDate "2006.??.??"]
[Source "www.chesslib.no"]
[SourceDate "2004.05.04"]

1. e4 c5 2. Nf3 e6 3. d3 d5 4. Nbd2 Nc6 5. g3 Nf6 6. Bg2 Be7 7. O-O O-O 8. Re1 Qc7 9. Nf1 dxe4 10. dxe4 Rd8 11. Qe2 Nd4 12. Nxd4 cxd4 13. e5 Nd5 14. a3 Bd7 15. Be4 Be8 16. Bd3 b5 17. Nd2 b4 18. a4 Nb6 19. a5 Nd7 20. Nb3 Nc5 21. Nxc5 Qxc5 22. b3 g6 23. Bh6 Bc6 24. f3 Rab8 25. Kg2 Bb5 26. Rec1 a6 27. Bd2 Qd5 28. Qe4 Bxd3 29. Qxd5 Bf1+ 30. Kxf1 Rxd5 31. f4 d3 32. Ke1 Rbd8 33. Ra2 h5 34. c3 bxc3 35. Rxc3 Rb8 36. Rc7 Bf8 37. Rb2 Ba3 38. Rb1 Bb4 39. Bxb4 Rxb4 40. Rc4 Rb8 41. Kd2 Rxa5 42. Rb2 Rd5 43. Rc3 Rbd8 44. b4 Kg7 45. h4 Rd4 46. Rbb3 Rb8 47. Rxd3 Rbxb4 48. Rxb4 Rxb4 49. Ke2 a5 50. Rd8 a4 51. Ra8 Rb2+ 52. Kf3 Ra2 53. Rd8 a3 54. Ra8 Ra1 55. Kg2 f5 56. exf6+ Kxf6 57. Ra5 Ke7 58. Ra6 Kd7 59. Kh2 Kc7 60. Rxe6 Kb7 61. Re3 Kb6 62. Kg2 Kb5 63. f5 gxf5 64. Rf3 Kb4 65. Rf4+ Kc3 66. Rf3+ Kd4 67. Rf4+ Ke5 68. Rf3 Ra2+ 69. Kh3 Ke4 70. Rf4+ Ke5 71. Rf3 Ke6 72. Rd3 f4 73. gxf4 Kf5 74. Re3 Ra1 75. Kg2 Kxf4 76. Rc3 Ra2+ 77. Kh3 Ra1 78. Kg2 Ke4 79. Kh2 Kd4 80. Rf3 Kc4 81. Rf4+ Kd3 82. Rf3+ Ke4 83. Rc3 Kd4 84. Rf3 Ke4 85. Rc3 a2 86. Ra3 Kf4 87. Kg2 Ke5 1/2-1/2

[Event "Cutro Open"]
[Site "?"]
[Date "2000.??.??"]
[Round "4"]
[White "Kogan Artur"]
[Black "Dervishi Erald"]
[Result "1-0"]
[WhiteElo "2483"]
[BlackElo "2478"]
[PlyCount "63"]
[EventDate "2000.??.??"]
[Source "www.chesslib.no"]
[SourceDate "2004.05.04"]

1. Nf3 d5 2. g3 Nf6 3. Bg2 e6 4. O-O Be7 5. d3 O-O 6. Nbd2 c5 7. e4 Nc6 8. Re1 Qc7 9. c3 b5 10. Nf1 Bb7 11. e5 Nd7 12. Bf4 a5 13. h4 a4 14. a3 Nb6 15. N1h2 Rfd8 16. Ng4 Qc8 17. Ng5 Nd7 18. d4 Nf8 19. Be3 cxd4 20. cxd4 Rd7 21. h5 Qd8 22. Nh3 Na5 23. Nh6+ gxh6 24. Qg4+ Ng6 25. Bxh6 Bf8 26. Bg5 Qe8 27. hxg6 hxg6 28. Bf6 Bh6 29. Qh4 Qf8 30. Bf3 Nc6 31. Ng5 Ne7 32. g4 1-0

[Event "JUG Ch"]
[Site "Kladovo"]
[Date "1990.??.??"]
[Round "?"]
[White "Damljanovic, Branko"]
[Black "Vukovic, Zdravko"]
[Result "1-0"]
[WhiteElo "2535"]
[BlackElo "2425"]
[PlyCount "79"]
[EventDate "1990.02.??"]
[Source "www.chesslib.no"]
[SourceDate "2004.05.04"]

1. Nf3 Nf6 2. g3 e6 3. Bg2 d5 4. O-O c5 5. d3 Nc6 6. Nbd2 Be7 7. e4 b6 8. Re1 Bb7 9. c3 Qc7 10. Qe2 O-O 11. e5 Nd7 12. Nf1 Rae8 13. Bf4 Qd8 14. h4 f5 15. exf6 Bxf6 16. Ng5 Nde5 17. Bxe5 Bxe5 18. Bh3 Bc8 19. Nh2 h6 20. Ngf3 Bf6 21. Nd2 e5 22. Bxc8 Qxc8 23. Qh5 Qa6 24. Re3 Qb7 25. Qf3 Qd7 26. Qg2 Kh8 27. Re2 Rd8 28. Rd1 Ne7 29. Ndf3 Nc6 30. a3 a5 31. Nf1 g6 32. Ne3 Bg7 33. Ne1 b5 34. N1c2 d4 35. Nf1 c4 36. Ne1 dxc3 37. bxc3 Qe7 38. Qxc6 cxd3 39. Rxd3 Qxa3 40. Qxb5 1-0

[Event "Dortmund-B"]
[Site "Dortmund"]
[Date "1990.??.??"]
[Round "?"]
[White "Lazic, Miroljub"]
[Black "Schmittdiel, Eckhard"]
[Result "1/2-1/2"]
[WhiteElo "2495"]
[BlackElo "2455"]
[PlyCount "34"]
[EventDate "1990.04.??"]
[Source "ChessBase"]

1. e4 c5 2. Nf3 e6 3. d3 Nc6 4. g3 d5 5. Nbd2 Nf6 6. Bg2 Be7 7. O-O O-O 8. Re1 Nd7 9. Qe2 b5 10. Nf1 a5 11. h4 b4 12. Bg5 dxe4 13. Qxe4 Bb7 14. Bxe7 Qxe7 15. N1d2 Rfd8 16. Nc4 Nf6 17. Qe2 Nd4 1/2-1/2

[Event "2nd Misr Closed"]
[Site "Ismailia"]
[Date "2004.08.22"]
[Round "8"]
[White "Amin, Bassem"]
[Black "Potkin, Vladimir"]
[Result "0-1"]
[WhiteElo "2425"]
[BlackElo "2523"]
[PlyCount "134"]
[EventDate "2004.08.16"]
[Source "Roberto Alvarez"]
[SourceDate "2004.09.06"]

1. e4 c5 2. Nf3 e6 3. d3 d5 4. Nbd2 Nf6 5. g3 Nc6 6. Bg2 Be7 7. O-O O-O 8. Re1 b5 9. e5 Nd7 10. Nf1 a5 11. h4 b4 12. Bf4 a4 13. a3 bxa3 14. bxa3 Ba6 15. Ne3 Qa5 16. c4 dxc4 17. Nxc4 Bxc4 18. dxc4 Rad8 19. Ng5 Ncxe5 20. Qc2 Bxg5 21. hxg5 Ng6 22. Bd6 Rfe8 23. Be4 Nf6 24. Bxg6 hxg6 25. Red1 Nh7 26. f4 e5 27. fxe5 Nxg5 28. Rd5 Nf3+ 29. Kf1 Nd4 30. Qd3 Ne6 31. Rb1 Qa8 32. Rb2 Rd7 33. Qb1 Qa6 34. Qd3 Qc6 35. Rb5 Rc8 36. Kf2 Rdd8 37. Qd1 Qa6 38. Qd2 Ra8 39. Qb2 Rdc8 40. Rd1 Nd4 41. Rxd4 cxd4 42. Qxd4 Qc6 43. Rb4 Qh1 44. c5 Qh2+ 45. Kf3 Qa2 46. Qd3 Rc6 47. Kg4 Qe6+ 48. Kf3 Qa2 49. Kg4 Rca6 50. Rc4 Qb3 51. Rc3 Qe6+ 52. Kf3 Rc6 53. Rc4 Ra7 54. Rb4 Ra8 55. g4 Rca6 56. Qc4 Qd7 57. Qd5 Rc6 58. Kg3 Rac8 59. Qc4 Qe8 60. Kf2 Qd7 61. Rxa4 Qb7 62. Rb4 Qa7 63. Rb5 Ra6 64. Rb3 Rxd6 65. exd6 Rxc5 66. Qd4 Rf5+ 67. Ke3 Rf3+ 0-1

[Event "Budapest FS02 GM"]
[Site "Budapest"]
[Date "1994.??.??"]
[Round "13"]
[White "Loginov, Valery A"]
[Black "Fancsy, Imre"]
[Result "1-0"]
[WhiteElo "2540"]
[BlackElo "2400"]
[PlyCount "87"]
[EventDate "1994.02.??"]
[Source "ChessBase"]

1. Nf3 Nf6 2. g3 d5 3. Bg2 e6 4. O-O Be7 5. d3 c5 6. Nbd2 Nc6 7. e4 O-O 8. Re1 Qc7 9. c3 b5 10. exd5 Nxd5 11. a4 b4 12. c4 Nf6 13. Nb3 Bb7 14. Bf4 Qc8 15. Qc2 Rd8 16. Rad1 Rd7 17. Be3 Qf8 18. d4 cxd4 19. Nfxd4 Nxd4 20. Rxd4 Rxd4 21. Bxd4 Bxg2 22. Kxg2 Qe8 23. Nd2 Rd8 24. Bxf6 Bxf6 25. Ne4 Bd4 26. b3 h6 27. g4 Qc6 28. f3 f5 29. gxf5 exf5 30. Ng3 Bc3 31. Rd1 Rf8 32. Rd5 g6 33. Qd3 Bg7 34. Rd6 Qe8 35. c5 Kh7 36. c6 Qe5 37. Rd7 Rc8 38. Qa6 Qb2+ 39. Kh3 Re8 40. c7 f4 41. Ne4 Qxb3 42. Qf6 Qg8 43. Qxg7+ Qxg7 44. Nf6+ 1-0

[Event "Mlada Boleslav Open"]
[Site "Mlada Boleslav CZE"]
[Date "1994.??.??"]
[Round "5"]
[White "Jansa, Vlastimil"]
[Black "Kacheishvili, Giorgi"]
[Result "1-0"]
[WhiteElo "2515"]
[BlackElo "2425"]
[PlyCount "73"]
[EventDate "1994.??.??"]
[Source "www.chesslib.no"]
[SourceDate "2004.05.04"]

1. e4 c5 2. Nf3 e6 3. g3 Nc6 4. Bg2 Nf6 5. d3 d5 6. Nbd2 Be7 7. O-O O-O 8. Re1 b6 9. e5 Nd7 10. c3 Qc7 11. Qe2 a5 12. Nf1 Ba6 13. h4 b5 14. Bf4 b4 15. Ne3 bxc3 16. bxc3 d4 17. cxd4 cxd4 18. Ng4 Nc5 19. Red1 Qd8 20. Ng5 Rc8 21. Rac1 Nb4 22. Rxc5 Rxc5 23. Be4 g6 24. Nh6+ Kg7 25. Qg4 Qe8 26. h5 Bxg5 27. Qxg5 Qd8 28. Qg4 f5 29. exf6+ Qxf6 30. hxg6 hxg6 31. f3 Rh5 32. Rc1 Rxh6 33. Rc7+ Kg8 34. Bxh6 Rf7 35. Bg5 Qg7 36. Qxe6 Bxd3 37. Rc8+ 1-0

[Event "Pardubice Czech Open"]
[Site "?"]
[Date "1998.??.??"]
[Round "3"]
[White "Kuporosov Viktor"]
[Black "Chernuschevich Alexei"]
[Result "1-0"]
[WhiteElo "2500"]
[BlackElo "2435"]
[PlyCount "123"]
[EventDate "1998.??.??"]
[Source "www.chesslib.no"]
[SourceDate "2004.05.04"]

1. Nf3 Nf6 2. g3 d5 3. Bg2 c5 4. d3 Nc6 5. O-O e6 6. Nbd2 Be7 7. e4 O-O 8. Re1 b5 9. e5 Nd7 10. Nf1 a5 11. h4 b4 12. N1h2 Re8 13. Ng4 f6 14. exf6 Nxf6 15. Nge5 Nxe5 16. Nxe5 Bd6 17. Bg5 h6 18. Bxf6 Qxf6 19. f4 Bb7 20. Kh2 a4 21. a3 Re7 22. h5 Ra6 23. c3 b3 24. Qg4 Bb8 25. Ng6 Re8 26. Re2 Rd8 27. Rae1 Bc8 28. Ne5 Bxe5 29. Rxe5 Rad6 30. Bh3 Bd7 31. Qg6 Qxg6 32. hxg6 Re8 33. f5 Bb5 34. Rxe6 Rdxe6 35. fxe6 Re7 36. Bf5 c4 37. Re5 cxd3 38. Rxd5 Bc6 39. Rxd3 Kf8 40. g4 Rc7 41. Kg3 Ke7 42. Kf4 Be8 43. Ke5 Rc6 44. Rd5 Rc7 45. Ra5 Rb7 46. Be4 Rb5+ 47. Rxb5 Bxb5 48. Bf5 Bf1 49. Be4 Be2 50. Kf4 Kxe6 51. Bc6 Bd1 52. Bxa4 Kd6 53. Be8 Ke6 54. Bf7+ Kd6 55. Bc4 Bc2 56. Ke3 Ke5 57. a4 Bxg6 58. Bxb3 Kd6 59. Bd1 Be8 60. b4 Kd5 61. a5 Bb5 62. Be2 1-0

[Event "Troll Masters"]
[Site "Gausdal"]
[Date "1996.??.??"]
[Round "8"]
[White "Akesson, Ralf"]
[Black "Schmittdiel, Eckhard"]
[Result "0-1"]
[WhiteElo "2505"]
[BlackElo "2430"]
[PlyCount "72"]
[EventDate "1996.??.??"]
[Source "ChessBase"]

1. Nf3 e6 2. g3 Nf6 3. Bg2 c5 4. O-O Be7 5. d3 d5 6. Nbd2 Nc6 7. e4 Qc7 8. Re1 b6 9. c3 Bb7 10. a3 dxe4 11. dxe4 O-O 12. e5 Nd7 13. Qe2 Rfd8 14. h4 a6 15. h5 h6 16. a4 Na5 17. c4 Nc6 18. Nf1 Nd4 19. Nxd4 cxd4 20. Bxb7 Qxb7 21. Qg4 Kf8 22. Qxd4 Qf3 23. Qe4 Qxe4 24. Rxe4 Nc5 25. Re1 Nb3 26. Rb1 Bb4 27. Re3 Nc5 28. b3 Rd1 29. f4 Nd3 30. Rxd3 Rxd3 31. Be3 Bc5 32. Kf2 Rad8 33. Ke2 Bxe3 34. Nxe3 Rd2+ 35. Kf3 R8d3 36. b4 Rc3 0-1

[Event "POL-ch"]
[Site "Poland"]
[Date "1996.??.??"]
[Round "11"]
[White "Markowski, Tomasz"]
[Black "Czerwonski, Aleksander"]
[Result "1/2-1/2"]
[WhiteElo "2535"]
[BlackElo "2400"]
[PlyCount "81"]
[EventDate "1996.??.??"]
[Source "ChessBase"]

1. g3 Nf6 2. Bg2 d5 3. Nf3 e6 4. O-O Be7 5. d3 O-O 6. Nbd2 c5 7. e4 Nc6 8. Re1 Qc7 9. a3 dxe4 10. dxe4 e5 11. c3 h6 12. Bf1 a6 13. a4 Re8 14. Qc2 Rb8 15. Nc4 Be6 16. a5 Bxc4 17. Bxc4 Bd8 18. Qb3 Re7 19. Nh4 Nxa5 20. Rxa5 Qxa5 21. Ng6 Qc7 22. Nxe7+ Qxe7 23. Bxa6 b5 24. Bxb5 Qb7 25. c4 Nxe4 26. Qf3 Nd6 27. Qxb7 Rxb7 28. Rxe5 Nxb5 29. cxb5 Be7 30. Re3 f6 31. Rb3 Kf7 32. b6 Ke6 33. Bf4 Bd8 34. Re3+ Kf7 35. Bc7 Bxc7 36. bxc7 Rxc7 37. Kf1 Rb7 38. b3 Rb4 39. Rc3 Ke6 40. Rxc5 Rxb3 41. Rc7 1/2-1/2

[Event "6. WUCC"]
[Site "?"]
[Date "2000.09.02"]
[Round "2"]
[White "Kacheishvili Giorgi"]
[Black "Masserey Yvan"]
[Result "1-0"]
[WhiteElo "2564"]
[BlackElo "2370"]
[PlyCount "95"]
[EventDate "2000.??.??"]
[Source "www.chesslib.no"]
[SourceDate "2004.05.04"]

1. Nf3 Nf6 2. g3 d5 3. Bg2 e6 4. O-O Be7 5. d3 c5 6. Nbd2 Nc6 7. e4 O-O 8. Re1 a6 9. e5 Nd7 10. Nf1 b5 11. h4 b4 12. Bf4 a5 13. N1h2 a4 14. Bh3 a3 15. b3 Ra6 16. Qd2 Nd4 17. Nxd4 cxd4 18. Nf3 Qb6 19. Bg5 Bc5 20. h5 Qa7 21. Re2 Rc6 22. Rae1 Re8 23. Qf4 Ba6 24. Kg2 Bb5 25. Qg4 Kh8 26. Qf4 Kg8 27. Qg4 Kh8 28. Qh4 Kg8 29. Rf1 Ba6 30. Qg4 Kh8 31. Bh4 Bc8 32. Rfe1 Ba6 33. Ng5 Kg8 34. f4 Nf8 35. f5 exf5 36. Qxf5 h6 37. Nf3 Bc8 38. Qf4 Bxh3+ 39. Kxh3 Ne6 40. Qg4 Qc7 41. Rf1 Qc8 42. Kh2 Nc7 43. Qf4 Ne6 44. Qf5 Nc7 45. g4 Qe6 46. Qf4 Nb5 47. g5 Kh7 48. Rg2 1-0

[Event "Bethune op"]
[Site "?"]
[Date "1999.??.??"]
[Round "?"]
[White "Sedina Elena"]
[Black "Chuchelov Vladimir"]
[Result "1/2-1/2"]
[WhiteElo "2398"]
[BlackElo "2533"]
[PlyCount "40"]
[EventDate "1999.??.??"]
[Source "www.chesslib.no"]
[SourceDate "2004.05.04"]

1. e4 c5 2. Nf3 e6 3. d3 Nc6 4. g3 Nf6 5. Bg2 Be7 6. O-O d5 7. Nbd2 O-O 8. Re1 b5 9. e5 Nd7 10. Nf1 a5 11. h4 b4 12. N1h2 a4 13. a3 Ba6 14. Bg5 bxa3 15. Rxa3 Bxg5 16. hxg5 Qb8 17. Rxa4 Qxb2 18. Rh4 Rfb8 19. Ng4 Rb4 20. c4 Ne7 1/2-1/2

[Event "Espana"]
[Site "?"]
[Date "2000.??.??"]
[Round "?"]
[White "Movsziszian, K."]
[Black "Pelletier, Y."]
[Result "0-1"]
[WhiteElo "2460"]
[BlackElo "2470"]
[PlyCount "130"]
[EventDate "2000.??.??"]
[Source "Chess Informant"]
[SourceDate "2000.06.01"]

1. g3 Nf6 2. Bg2 d5 3. Nf3 e6 4. O-O c5 5. d3 Be7 6. Nbd2 Nc6 7. e4 O-O 8. Re1 b5 9. e5 Nd7 10. Nf1 a5 11. h4 b4 12. h5 Ba6 13. N1h2 a4 14. a3 Qb8 15. Bf4 Qb5 16. h6 g6 17. Qd2 Rfc8 18. Bg5 Bf8 19. Bf1 Nd4 20. Nxd4 cxd4 21. Nf3 Qb6 22. Rec1 bxa3 23. bxa3 Rc3 24. Qf4 Rxa3 25. Rab1 Qc7 26. Qxd4 Qc3 27. Qf4 Ra2 28. Bh4 Qc7 29. Bh3 Bc8 30. c4 Qa7 31. d4 Nb6 32. c5 Nc4 33. Bd8 Qd7 34. Bb6 a3 35. Bf1 Rb2 36. Bxc4 dxc4 37. Nd2 Bb7 38. Ne4 Bxe4 39. Qxe4 Qd5 40. Qe3 a2 41. Ra1 Bxh6 42. Qxh6 Qxd4 43. Qf4 Qxf4 44. gxf4 c3 45. Kf1 h5 46. Bc7 Ra4 47. Bd8 Rxf4 48. c6 Rfxf2+ 49. Kg1 Rg2+ 50. Kh1 Rh2+ 51. Kg1 h4 52. Bxh4 Rxh4 53. Rxc3 Rb1+ 54. Rc1 Rxc1+ 55. Rxc1 Rc4 56. Ra1 Rxc6 57. Rxa2 Rc5 58. Re2 Kg7 59. Kf2 g5 60. Kf3 Kg6 61. Ke4 Rc4+ 62. Ke3 Kf5 63. Kd3 Rf4 64. Rg2 g4 65. Re2 g3 0-1

[Event "Czech Open"]
[Site "?"]
[Date "1998.07.25"]
[Round "9"]
[White "Vokac Marek"]
[Black "Voloshin Leonid"]
[Result "0-1"]
[WhiteElo "2510"]
[BlackElo "2420"]
[PlyCount "138"]
[EventDate "1998.??.??"]
[Source "www.chesslib.no"]
[SourceDate "2004.05.04"]

1. e4 c5 2. Nf3 e6 3. d3 Nc6 4. g3 Nf6 5. Bg2 d5 6. Nbd2 Be7 7. O-O b6 8. Re1 Bb7 9. Qe2 O-O 10. e5 Nd7 11. Nf1 b5 12. h4 b4 13. N1h2 a5 14. Bf4 a4 15. a3 bxa3 16. bxa3 Ba6 17. Bh3 Rb8 18. Qd1 Re8 19. Ng4 Bf8 20. Ng5 Nd4 21. c3 Nf5 22. Ne3 Nxe3 23. Qh5 Qxg5 24. hxg5 Nc2 25. Bf1 Rb3 26. Bd2 Nxa1 27. Rxa1 Nxe5 28. g6 Nxg6 29. Kg2 Bb7 30. d4 c4 31. Be2 Rxa3 32. Rh1 h6 33. g4 Ra2 34. Bc1 Rxe2 35. g5 Rc2 36. Qd1 Rxc1 37. Qxc1 a3 38. Qb1 Bc6 39. Qb6 Ba4 40. gxh6 gxh6 41. Qa6 Bc2 42. Qa7 Bb3 43. Kf3 h5 44. Kg3 h4+ 45. Kg4 Bc2 46. Ra1 Bf5+ 47. Kf3 Kg7 48. Qc7 Be7 49. Kg2 h3+ 50. Kg1 Ra8 51. Qb7 Rh8 52. f3 Rh5 53. Ra2 Rg5+ 54. Kh2 Bd6+ 55. Kh1 Rg2 56. Ra1 Rh2+ 57. Kg1 Rb2 58. Qa6 Be7 59. Kh1 Rb1+ 60. Rxb1 Bxb1 61. Kh2 a2 62. Kxh3 Bg5 63. Qa3 Bc1 64. Qxc1 a1=Q 65. Kg3 Qa2 66. Qe1 Bd3 67. Qe3 Qa8 68. Qg5 Qb8+ 69. f4 Qxf4+ 0-1